Monty Python Movies Quiz Stats

 Plays Quiz Updated Mar 5, 2019

     
Support Sporcle.
Go Orange.
Score 0/5 Timer 02:00
1 Play Today
Year Movie % Correct
1975Monty Python and the Holy Grail
96.6%
1979Monty Python's Life of Brian
92.5%
1983Monty Python's The Meaning of Life
70.9%
1971And Now For Something Completely Different
43.1%
1982Monty Python Live at the Hollywood Bowl
17.2%

From the Vault

Same Director: Different Movie

by Flick

Movies 6m
When an actor comes to me and wants to discuss his character, I say, 'It's in the script.' If he says, 'But what's my motivation?, ' I say, 'Your salary.' - Alfred Hitchcock
Remove Ads.
Support Sporcle.
Get the best of Sporcle when you Go Orange. This ad-free experience offers more features, more stats, and more fun while also helping to support Sporcle. Thank you for becoming a member.

Show Comments

Extras

Top Quizzes Today


Score Distribution

Your Account Isn't Verified!

In order to create a playlist on Sporcle, you need to verify the email address you used during registration. Go to your Sporcle Settings to finish the process.

Report this User

Report this user for behavior that violates our Community Guidelines.

Details: